| 000 | 00418nam a2200145 4500 | ||
|---|---|---|---|
| 999 |
_c11866 _d11866 |
||
| 008 | 210113b ||||| |||| 00| 0 eng d | ||
| 020 | _a8173910359 | ||
| 082 | 0 | 0 |
_a658.8 _bS61735 |
| 100 |
_94155 _aSingh, H. K. |
||
| 245 | 1 | 0 |
_aManagement of marketing information system / _cby H. K Singh |
| 260 |
_aDelhi: _bKanishka, _c1994. |
||
| 300 | _avii, 195 p. | ||
| 650 | 0 | _aManagement Information Systems | |
| 942 |
_2ddc _cBK |
||